Norwegian Eliteserien Top Scorers - Statistics

General Stats
  • This quiz has been taken 237 times
    24 since last reset
  • The average score is 12 of 39
Answer Stats
Year # Club Player % Correct
2023 24 Bodø/Glimt Amahl Pellegrino
71%
2022 25 Bodø/Glimt Amahl Pellegrino
71%
2025 18 Sarpsborg 08 Daniel Karlsbakk
62%
1998 27 Rosenborg Sigurd Rushfeldt
52%
1997 25 Rosenborg Sigurd Rushfeldt
52%
2017 19 Rosenborg Nicklas Bendtner
48%
2008 16 Stabæk Daniel Nannskog
43%
2006 19 Stabæk Daniel Nannskog
43%
2013 16 Odd Frode Johnsen
43%
2004 19 Rosenborg Frode Johnsen
43%
2001 17 Rosenborg Frode Johnsen
43%
2003 17 Rosenborg Harald Martin Brattbakk
43%
2002 17 Rosenborg Harald Martin Brattbakk
43%
1996 28 Rosenborg Harald Martin Brattbakk
43%
1995 26 Rosenborg Harald Martin Brattbakk
43%
1994 17 Rosenborg Harald Martin Brattbakk
43%
2007 22 Brann Thorstein Helstad
43%
2001 17 Brann Thorstein Helstad
43%
2000 18 Brann Thorstein Helstad
43%
2020 27 Bodø/Glimt Kasper Junker
38%
2005 16 Tromsø Ole Martin Årst
38%
2024 14 Molde Kristian Eriksen
33%
2014 25 Vålerenga Vidar Ørn Kjartansson
29%
2001 17 Lillestrøm Clayton Zane
19%
2011 17 Tromsø Mustafa Abdellaoue
19%
1990 20 Start Tore André Dahlum
19%
2019 21 Odd Torgeir Børven
19%
2015 22 Rosenborg Alexander Søderlund
14%
1993 19 Lillestrøm Mons Ivar Mjelde
14%
2021 27 Molde Ohi Omoijuanfo
14%
2009 17 Rosenborg Rade Prica
14%
1999 23 Tromsø Rune Lange
14%
1992 17 Kongsvinger Kjell Roar Kaasa
10%
2010 16 Molde Baye Djiby Fall
5%
2018 17 Stabæk Franck Boli
5%
1991 12 Rosenborg Karl Petter Løken
5%
2012 14 Strømsgodset Peter Kovacs
5%
2012 14 Tromsø Zdenek Ondrasek
5%
2016 19 Rosenborg Christian Gytkjær
0%
No matching quizzes found
Score Distribution
Percent of People with Each Score
Percentile by Number Answered
Your Score History
You have not taken this quiz since the last reset